000 00641nam a2200193 a 4500
001 000034523
005 20200930073740.0
008 111005s2006 ko b r 000 0 spa d
020 _a9781932195408
040 _aDO-SdBNP
_bspa
_cBNPHU
082 _axxxx
_bxxxx
100 1 _aKo un
_d1933-
_959963
245 1 0 _aAbiding places :
_bKorea south & north /
_cKo un ; traducción Sunny Jung y Hillel Schartz.
260 _aKunsan, Korea :
_bTupelo,
_c2006.
300 _a142 p. :
_bmapas. ;
_c23 cm.
500 _aIncluye datos biográficos del autor en la contracubierta
504 _aBibliografía : p. 137-142
590 _aInventariado, 2019/BT
999 _c34014
_d34014